| 000 | 00605nam a2200205Ia 4500 | ||
|---|---|---|---|
| 005 | 20230630112514.0 | ||
| 008 | 131103s9999 xx 000 0 und d | ||
| 020 |
_a140211810 _c1.95 pds |
||
| 040 | _aLoreto College | ||
| 041 | _aEnglish | ||
| 082 |
_a942.08 _bTAY |
||
| 100 | _aTaylor,A.J.P. | ||
| 245 |
_aEnglish history 1914 - 1945 _cA.J.P.Taylor |
||
| 260 |
_aHarmondsworth _bPenguin Books _c1965 (1977 printing) |
||
| 300 |
_a875 p. _b ill.,7 graphs,8 maps |
||
| 504 | _aIncludes bibliographical references and index | ||
| 650 | _aEngland - History,1914 - 1945 | ||
| 850 | _aLCLIB | ||
| 942 | _cBK | ||
| 999 |
_c8399 _d58878 |
||